00509 2200181 4500001002100000005001500021035002000036245008300056100002200139250000600161300003700167260004400204082001000248084001600258020001800274650001800292990001700310INLIS00000000000074220190219033650 a0010-02190000531 aBerang-Berang, Garangan dan Rase Kegunaannya Bagi Manusia /cIr. Ibnu Maryanto0 aIr. Ibnu Maryanto a- aviii, 50 hlm. :bilus. ;c21 cm. aJakarta :bPT Musi Perkasa Utama,c2005 a599.3 a599.3 IBN b a979-651-424-9 aBerang-Berang a02769/H/2018